| 000 | 00566nam a22001817a 4500 | ||
|---|---|---|---|
| 008 | 130301t xxu||||| |||| 00| 0 eng d | ||
| 020 | _a9-7801-9957-9198 | ||
| 082 |
_222 ed. _a344.0105 EMP |
||
| 100 |
_aEdited by Nigel _96969 |
||
| 245 |
_aEmployment law in practice / _cThe City Law school, City university , London |
||
| 250 | _a9 ed | ||
| 260 |
_aUSA : _bOxford University press _c2011 |
||
| 300 |
_axxxiii, 340 P. ; _c29 cm. |
||
| 500 | _aIncludes Index | ||
| 650 |
_aEmployment law _96909 |
||
| 650 |
_aEmployment law in practice _96970 |
||
| 942 |
_2ddc _cBK |
||
| 999 |
_c5290 _d5290 |
||